| 000 | 00608nam a22001817a 4500 | ||
|---|---|---|---|
| 999 |
_c10352 _d10352 |
||
| 003 | AR-CdUCM | ||
| 008 | 190401b ||||| |||| 00| 0 spa d | ||
| 040 |
_aMUNICIPALIDAD PROVINCIAL DEL CUSCO _cBIBLIOTECA MUNICIPAL DEL CUSCO |
||
| 082 |
_aEP / 372.510 / _bF83 |
||
| 100 |
_aFrish, Gabrielle _927151 |
||
| 245 |
_aHacia el numero aprendemos matemática jugando 1 : _bQuia matemática para docentes del primer ciclo / |
||
| 260 |
_aCusco : _bCBC, |
||
| 300 |
_a63 páginas ; _c29 páginas ; |
||
| 650 |
_aMatemáticas. _99398 |
||
| 650 |
_aQuia para docentes. _927152 |
||
| 942 |
_2ddc _cLIBROS |
||
| 945 | _awfj | ||